Biblioteka Instytutu Północnego w Olsztynie

Wyniki pracy wywiadu naukowo-technicznego MSW PRL 1971-1989 / (Rekord nr 27606)

Szczegóły MARC
000 -Nagłówek
fixed length control field 02448cam a2200589 i 4500
001 - Nr kontrolny bibl., która utworzyła rek.
control field xx004688769
003 - Siglum bibl., której nr kontr. jest w 001
control field NUKAT
005 - Data i czas ostatniej operacji
control field 20260416110202.0
008 - Elementy pola stałej długości
fixed length control field 190828s2019 pl a |001 0 pol c
020 ## - ISBN
ISBN 9788380986084
dopowiedzenie (oprawa miękka) :
warunki dostępności zł 35
035 ## - Systemowy numer kontrolny
systemowy numer kontrolny (OCoLC)1117298334
035 ## - Systemowy numer kontrolny
systemowy numer kontrolny (NUKAT)xx004688769
040 ## - Instytucja sporządzająca opis
Instytucja, która sporządziła opis WA U/EBA
język katalgowania-trzyzn. kod pol
zasady opisu rda
Instytucja, która sporządziła rekord WA U/EBAs
Instytucja, która zmodyfikowała rekord WA U/DSW
-- WA U/EBAs
-- WA 14/PTs
-- KAT U/KW
041 0# - Kod nazwy języka dokumentu
Język tekstu pol
Język streszczeń eng
-- rus
045 2# - Okres czasu dla zawartości
czas między r. 9999 pne a nasz. czas. d1971
-- d1989
046 ## - Kod rodz. daty, data1, data2 (daty pne)
Single or starting date for aggregated content 2019
245 00 - Tytuł właściwy i oznaczenie odpow.
tytuł Wyniki pracy wywiadu naukowo-technicznego MSW PRL 1971-1989 /
dod. inf. ze s. tyt./ozn. odpow. opracował i wstępem poprzedził Mirosław Sikora ; Instytut Pamięci Narodowej - Komisja Ścigania Zbrodni przeciwko Narodowi Polskiemu. Oddział w Katowicach.
260 ## - Adres wydawniczy
miejsce wydania, dystrybucji itp. Katowice ;
-- Warszawa :
nazwa wydawcy, dystrybutora itp. Instytut Pamięci Narodowej - Komisja Ścigania Zbrodni przeciwko Narodowi Polskiemu,
data wydania, dystrybucji itp. 2019.
300 ## - Opis fizyczny
objętość i/lub forma materiału 351 stron :
inne szczegóły opisu fizycznego ilustracje ;
format 24 cm.
336 ## - Content Type
Term Tekst
Code txt
Source rdacontent
337 ## - Media Type
Term Bez urządzenia pośredniczącego
Code n
Source rdamedia
338 ## - Carrier Type
Term Wolumin
Code nc
Source rdacarrier
380 ## - Form of work
Form of work Książki
380 ## - Form of work
Form of work Publikacje naukowe
385 ## - Audience Characteristics
Audience term Historycy
385 ## - Audience Characteristics
Audience term Politolodzy
388 1# - TIME PERIOD OF CREATION
Time period of creation term 2001-
504 ## - Uwaga o bibliografii
uwaga o bibliografii Indeks.
546 ## - Uwaga o języku opisywanego materiału
uwaga o języku Streszczenia w języku angielskim i rosyjskim.
610 17 - Hasło przedmiotowe-nazwa ciała zbior.
nazwa ciała zbior. lub geogr. Polska.
nazwa jednostki podrzędnej Ministerstwo Spraw Wewnętrznych (1954-1996).
-- Departament I.
źródło hasła kaba
9 (RLIN) 40140
610 27 - Hasło przedmiotowe-nazwa ciała zbior.
nazwa ciała zbior. lub geogr. Departament I (Ministerstwo Spraw Wewnętrznych ; 1954-1996)
źródło hasła DBN
9 (RLIN) 39433
648 #7 - SUBJECT ADDED ENTRY--CHRONOLOGICAL TERM
Chronological term 1901-2000
Source of heading or term DBN
9 (RLIN) 34996
648 #7 - SUBJECT ADDED ENTRY--CHRONOLOGICAL TERM
Chronological term 1945-1989
Source of heading or term DBN
9 (RLIN) 36043
650 #7 - Hasło przedmiotowe-nazwa pospolita
nazwa pospolita lub geogr. Szpiegostwo polskie
określnik chronologiczny 1970-2000
określnik formy źródła.
źródło hasła kaba
9 (RLIN) 40142
650 #7 - Hasło przedmiotowe-nazwa pospolita
nazwa pospolita lub geogr. Szpiegostwo przemysłowe
określnik geograficzny Polska
określnik chronologiczny 1970-2000
określnik formy źródła.
źródło hasła kaba
9 (RLIN) 40143
650 #7 - Hasło przedmiotowe-nazwa pospolita
nazwa pospolita lub geogr. Dokumentacja techniczna
źródło hasła DBN
9 (RLIN) 40144
650 #7 - Hasło przedmiotowe-nazwa pospolita
nazwa pospolita lub geogr. Nauka
źródło hasła DBN
9 (RLIN) 37137
650 #7 - Hasło przedmiotowe-nazwa pospolita
nazwa pospolita lub geogr. PRL
źródło hasła DBN
9 (RLIN) 35084
650 #7 - Hasło przedmiotowe-nazwa pospolita
nazwa pospolita lub geogr. Technika
źródło hasła DBN
9 (RLIN) 40145
650 #7 - Hasło przedmiotowe-nazwa pospolita
nazwa pospolita lub geogr. Technologia
źródło hasła DBN
9 (RLIN) 40146
650 #7 - Hasło przedmiotowe-nazwa pospolita
nazwa pospolita lub geogr. Wywiad polski
źródło hasła DBN
9 (RLIN) 39436
650 #7 - Hasło przedmiotowe-nazwa pospolita
nazwa pospolita lub geogr. Źródła historyczne
źródło hasła DBN
9 (RLIN) 37428
651 #7 - Hasło przedmiotowe-nazwa geogr.
nazwa geograficzna Polska
źródło hasła DBN
9 (RLIN) 35076
655 #7 - Termin określający rodzaj/formę
rodzaj/forma Opracowanie
źródło terminu DBN
9 (RLIN) 35024
658 ## - Nazwa określająca cel programu nauczania
główny cel programu nauczania Historia
658 ## - Nazwa określająca cel programu nauczania
główny cel programu nauczania Nauka i badania
658 ## - Nazwa określająca cel programu nauczania
główny cel programu nauczania Polityka, politologia, administracja publiczna
700 1# - Hasło dodatkowe - nazwa osobowa
nazwa osobowa Sikora, Mirosław
daty biograficzne (1981- ).
rodzaj współpracy Redakcja
-- Wstęp
9 (RLIN) 40139
710 2# - Hasło dodatkowe - nazwa ciała zbior.
nazwa ciała zbior. lub nazwa geogr. Instytut Pamięci Narodowej - Komisja Ścigania Zbrodni przeciwko Narodowi Polskiemu.
rodzaj współpracy Wydawca
kod rodzaju współpracy pbl
9 (RLIN) 11792
920 ## - ISBN
ISBN 978-83-8098-608-4 (oprawa miękka) : zł 35
942 ## - ADDED ENTRY ELEMENTS (KOHA)
Source of classification or shelving scheme Dewey Decimal Classification
Koha item type pozycje dostępne na miejscu
Egzemplarze
Status wycofania Status zagubienia Klasyfikacja Status uszkodzenia Blokada wypożyczeń Kolekcja Lokalizacja macierzysta Lokalizacja bieżąca Data nabycia Numer akcesji Źródło akcesji Cena Nr inwentarzowy il. wypożyczeń Sygnatura Kod kreskowy Date last seen Price effective from Typ egz.
    Dewey Decimal Classification nieuszkodzona   książka w magazynie Biblioteka Instytutu Północnego w Olsztynie Biblioteka Instytutu Północnego w Olsztynie 15/11/2019 D-38/2019 dar 35.00 59900   59900 IPWK21599 16/04/2026 16/04/2026 pozycje dostępne na miejscu
Biblioteka Instytutu Północnego, ul. Partyzantów 87, 10-402 Olsztyn, email: biblioteka(at)ip.olsztyn.pl